[Event "35th WCh U20 Girls"]
[Site "Tarvisio ITA"]
[Date "2017.11.21"]
[Round "8"]
[White "Braganza, Nadia"]
[Black "Bilguun, Bayaraa"]
[Result "1/2-1/2"]
[WhiteElo "1536"]
[BlackElo "1147"]
[EventDate "2017.11.13"]
[PlyCount "60"]

1.e4 c5 2.Nf3 d6 3.d4 cxd4 4.Nxd4 Nf6 5.Nc3 a6 6.Be2 e5 7.Nb3 Be7 8.O-O 
Be6 9.Bg5 Nc6 10.Kh1 Nd7 11.Bxe7 Qxe7 12.Nd5 Bxd5 13.exd5 Nd8 14.f4 exf4 
15.Rxf4 O-O 16.Bd3 Nf6 17.Qf3 Qe5 18.c3 b5 19.Rf5 Qe7 20.Rf1 Ne8 21.Qh3 g6
22.R5f3 Ng7 23.Qh6 Qe5 24.Re3 Qh5 25.Qxh5 Nxh5 26.Re7 f5 27.c4 Rf7 28.Re8+
Kg7 29.Re2 f4 30.Ref2 g5 1/2-1/2

[Event "35th WCh U20 Girls"]
[Site "Tarvisio ITA"]
[Date "2017.11.22"]
[Round "9"]
[White "Abdumalik, Zhansaya"]
[Black "Tokhiryonova, Gulrukhbegim"]
[Result "1-0"]
[WhiteElo "2428"]
[BlackElo "2306"]
[EventDate "2017.11.13"]
[PlyCount "133"]

1.e4 e5 2.Nf3 Nc6 3.Bb5 a6 4.Ba4 Nf6 5.O-O Be7 6.Re1 b5 7.Bb3 O-O 8.a4 Bb7
9.d3 d5 10.exd5 Nxd5 11.axb5 axb5 12.Rxa8 Bxa8 13.Nxe5 Nd4 14.Nc3 Nxb3 15.
cxb3 f6 16.Nf3 Qd7 17.Qe2 Re8 18.d4 Bc6 19.Bd2 Nb4 20.Be3 Bd6 21.Qd1 Qf7 
22.Bd2 Rxe1+ 23.Nxe1 Qg6 24.Qe2 Qf5 25.h3 h5 26.Be3 Nd5 27.Nxb5 Nf4 28.
Qc4+ Bd5 29.Qf1 Bxb3 30.Nxd6 cxd6 31.Bxf4 Qxf4 32.Qd3 Bd5 33.Qe3 Qf5 34.b4
Bc4 35.Qc3 Be6 36.Nc2 Qg5 37.Kf1 Qc1+ 38.Ke2 Kh8 39.Qc6 Bd7 40.Qa8+ Kh7 
41.Qe4+ Kh8 42.Kf3 Qd2 43.d5 f5 44.Qc4 f4 45.Qe4 Ba4 46.Nd4 Bd1+ 47.Ne2 g6
48.b5 Kg7 49.h4 Kh6 50.g3 fxg3 51.fxg3 Bxe2+ 52.Qxe2 Qxd5+ 53.Kf2 Qf5+ 54.
Kg2 Qd5+ 55.Kg1 Qd4+ 56.Qf2 Qd1+ 57.Kh2 Qb3 58.Qd4 Kh7 59.b6 Qc2+ 60.Kg1 
d5 61.Qb4 Qd1+ 62.Kf2 d4 63.Qe7+ Kh6 64.b7 Qc2+ 65.Qe2 Qb3 66.Qe4 Kh7 67.
Qe7+ 1-0

[Event "35th WCh U20 Girls"]
[Site "Tarvisio ITA"]
[Date "2017.11.22"]
[Round "9"]
[White "Yu, Jennifer"]
[Black "Paramzina, Anastasia"]
[Result "1-0"]
[WhiteElo "2321"]
[BlackElo "2123"]
[EventDate "2017.11.13"]
[PlyCount "47"]

1.c4 Nf6 2.Nc3 e6 3.e4 d5 4.cxd5 exd5 5.e5 d4 6.exf6 dxc3 7.Bb5+ c6 8.Qe2+
Be6 9.Bc4 Qxf6 10.dxc3 Be7 11.Bxe6 Qxe6 12.Qxe6 fxe6 13.Bf4 Nd7 14.Nf3 
O-O-O 15.O-O-O Nc5 16.Kc2 Rxd1 17.Rxd1 Rd8 18.Re1 Bf6 19.Re2 a6 20.Nd2 a5 
21.Nc4 b5 22.Nxa5 Nd3 23.Bg3 c5 24.Rxe6 1-0

[Event "35th WCh U20 Girls"]
[Site "Tarvisio ITA"]
[Date "2017.11.22"]
[Round "9"]
[White "Obolentseva, Alexandra"]
[Black "Osmak, Yulia"]
[Result "1/2-1/2"]
[WhiteElo "2320"]
[BlackElo "2345"]
[EventDate "2017.11.13"]
[PlyCount "150"]

1.d4 e6 2.Nf3 f5 3.g3 d5 4.Bg2 Bd6 5.O-O Nf6 6.c4 c6 7.b3 Qe7 8.Bb2 Nbd7 
9.Ne5 a5 10.a4 O-O 11.Qc1 Bb4 12.Nd2 Nxe5 13.dxe5 Ne4 14.Nxe4 fxe4 15.f3 
exf3 16.exf3 b6 17.cxd5 cxd5 18.Qe3 Ba6 19.Rfc1 Rac8 20.f4 Bc5 21.Bd4 Bxd4
22.Qxd4 Rc5 23.Rxc5 bxc5 24.Qc3 Qc7 25.Rc1 Rc8 26.f5 d4 27.Qe1 exf5 28.
Bd5+ Kh8 29.e6 Rd8 30.e7 Re8 31.Qe6 Qxe7 32.Qxe7 Rxe7 33.Rxc5 Re5 34.Rc6 
Bb7 35.Re6 Rxe6 36.Bxe6 g6 37.Kf2 Kg7 38.Ke2 Kf6 39.Bc4 Ke5 40.b4 axb4 41.
a5 Bd5 42.Bd3 Kd6 43.a6 Kc6 44.Kd2 Kb6 45.Be2 Be4 46.Bc4 Kc5 47.Be2 d3 48.
Bxd3 Bxd3 49.Kxd3 Kb6 50.Kc4 Kxa6 51.Kxb4 Kb6 52.Kc4 Kc6 53.Kd4 Kd6 54.Ke3
Ke5 55.h4 h6 56.Kf3 g5 57.hxg5 hxg5 58.Ke3 g4 59.Kd3 f4 60.Ke2 fxg3 61.Kf1
Ke4 62.Kg2 Kf4 63.Kg1 Kg5 64.Kg2 Kh4 65.Kg1 Kg5 66.Kg2 Kf4 67.Kg1 Kf3 68.
Kf1 g2+ 69.Kg1 Kf4 70.Kxg2 g3 71.Kg1 Kg4 72.Kg2 Kh4 73.Kg1 Kh3 74.Kh1 g2+ 
75.Kg1 Kg3 1/2-1/2

[Event "35th WCh U20 Girls"]
[Site "Tarvisio ITA"]
[Date "2017.11.22"]
[Round "9"]
[White "Tsolakidou, Stavroula"]
[Black "Zhu Jiner"]
[Result "1-0"]
[WhiteElo "2340"]
[BlackElo "2363"]
[EventDate "2017.11.13"]
[PlyCount "71"]

1.e4 c5 2.Nf3 e6 3.d4 cxd4 4.Nxd4 Nf6 5.Nc3 d6 6.g4 a6 7.g5 Nfd7 8.h4 Be7 
9.Be3 b5 10.a3 Bb7 11.Qd2 Nb6 12.Rh3 N8d7 13.f4 Nc5 14.Bg2 Nc4 15.Qc1 h6 
16.b3 Nxe3 17.Qxe3 Qb6 18.O-O-O b4 19.axb4 Qxb4 20.Qg3 Rc8 21.gxh6 Rxh6 
22.h5 Kf8 23.e5 Bxg2 24.Qxg2 d5 25.Kb2 Nd7 26.Na2 Qb6 27.Kb1 a5 28.Rg3 Rh7
29.h6 g5 30.fxg5 Nxe5 31.g6 Rxh6 32.gxf7 Kxf7 33.Rg7+ Ke8 34.Rg8+ Kd7 35.
Rxc8 Kxc8 36.Qg7 1-0

[Event "35th WCh U20 Girls"]
[Site "Tarvisio ITA"]
[Date "2017.11.22"]
[Round "9"]
[White "Vaishali, Ramesh Babu"]
[Black "Shuvalova, Polina"]
[Result "0-1"]
[WhiteElo "2325"]
[BlackElo "2386"]
[EventDate "2017.11.13"]
[PlyCount "68"]

1.e4 c5 2.Nf3 Nc6 3.Bb5 d6 4.O-O Bd7 5.Re1 Nf6 6.c3 a6 7.Bf1 Bg4 8.h3 Bxf3
9.Qxf3 e6 10.d3 Be7 11.Nd2 O-O 12.Qd1 d5 13.a4 Qc7 14.Nf3 b5 15.Bg5 h6 16.
Bh4 dxe4 17.dxe4 c4 18.b4 Rfd8 19.Qc1 Nd7 20.Bxe7 Nxe7 21.e5 Nc6 22.Qe3 
Nb6 23.axb5 axb5 24.Rxa8 Nxa8 25.Nh2 Nb6 26.Qg3 Nd5 27.Re4 Ra8 28.Nf3 Ra1 
29.Rg4 g6 30.Nd4 Nxd4 31.Rxd4 Rc1 32.Qh4 Kh7 33.f4 Qa7 34.Qf2 Nxc3 0-1

[Event "35th WCh U20 Girls"]
[Site "Tarvisio ITA"]
[Date "2017.11.22"]
[Round "9"]
[White "Aakanksha, Hagawane"]
[Black "Badelka, Olga"]
[Result "1/2-1/2"]
[WhiteElo "2312"]
[BlackElo "2374"]
[EventDate "2017.11.13"]
[PlyCount "109"]

1.e4 c5 2.Nf3 Nc6 3.d4 cxd4 4.Nxd4 Qb6 5.Nb3 Nf6 6.Nc3 e6 7.Qe2 Bb4 8.Bd2 
O-O 9.a3 Be7 10.g4 d5 11.g5 Nxe4 12.Nxe4 dxe4 13.Qxe4 e5 14.Be3 Qc7 15.Bd3
g6 16.O-O-O Bf5 17.Qg2 Bxd3 18.Rxd3 Rac8 19.f3 b5 20.Rhd1 Rfd8 21.Rxd8+ 
Nxd8 22.Rd3 Ne6 23.h4 b4 24.Kb1 a5 25.Qd2 Bf8 26.Rd7 Qc4 27.Nxa5 Qf1+ 28.
Qd1 Qb5 29.Rd5 Qe8 30.axb4 Bxb4 31.Bd2 Bxd2 32.Qxd2 Nd4 33.Qe3 Nxc2 34.
Qxe5 Qa4 35.Rc5 Re8 36.Qxe8+ Qxe8 37.Kxc2 Qe2+ 38.Kb3 Qxf3+ 39.Ka4 f5 40.
gxf6 Qxf6 41.b4 Qxh4 42.Rc4 Qf2 43.b5 g5 44.Rc6 g4 45.b6 Qd4+ 46.Kb3 Qe3+ 
47.Kb4 Qf4+ 48.Rc4 Qd6+ 49.Kb5 g3 50.b7 h5 51.Rc6 Qf4 52.Rc4 Qd6 53.Rc6 
Qf4 54.Rc4 Qd6 55.Rc6 1/2-1/2

[Event "35th WCh U20 Girls"]
[Site "Tarvisio ITA"]
[Date "2017.11.22"]
[Round "9"]
[White "Injac, Teodora"]
[Black "Nomin-Erdene, Davaademberel"]
[Result "0-1"]
[WhiteElo "2244"]
[BlackElo "2358"]
[EventDate "2017.11.13"]
[PlyCount "98"]

1.Nf3 f5 2.g3 Nf6 3.Bg2 g6 4.O-O Bg7 5.d4 O-O 6.b3 d6 7.Bb2 Qe8 8.c4 Na6 
9.Nbd2 c5 10.e3 Rb8 11.Re1 b6 12.d5 h6 13.a3 b5 14.Rb1 Qf7 15.Qe2 Bd7 16.
Ba1 Nc7 17.Rbc1 bxc4 18.bxc4 e6 19.dxe6 Bxe6 20.Rb1 Rfd8 21.Qd3 Nce8 22.
Qc2 Nd7 23.Bxg7 Qxg7 24.Nh4 Bf7 25.f4 Nf8 26.Qd3 Ne6 27.Bd5 Qf6 28.Nb3 
N8c7 29.Bg2 Na8 30.Na5 Rxb1 31.Rxb1 Nb6 32.Nc6 Rd7 33.Nb8 Rc7 34.Qxd6 Nxc4
35.Qd3 Nf8 36.Nf3 Qe7 37.Na6 Rc8 38.Re1 Qe6 39.Bf1 Qxa6 40.Ne5 Qa5 41.Nxf7
Qxe1 42.Qxc4 Qxe3+ 43.Kg2 Qe6 44.Nd6 Rc6 45.Nb5 a6 46.Na7 Rc7 47.Qc3 Qe4+ 
48.Kh3 Rxa7 49.Bc4+ Kh7 0-1

[Event "35th WCh U20 Girls"]
[Site "Tarvisio ITA"]
[Date "2017.11.22"]
[Round "9"]
[White "Nie Xin"]
[Black "Assaubaeva, Bibisara"]
[Result "0-1"]
[WhiteElo "2106"]
[BlackElo "2395"]
[EventDate "2017.11.13"]
[PlyCount "106"]

1.d4 Nf6 2.c4 g6 3.Nc3 d5 4.cxd5 Nxd5 5.Bd2 Bg7 6.e4 Nxc3 7.Bxc3 O-O 8.Qd2
Nc6 9.d5 Ne5 10.h3 c6 11.f4 Nd7 12.dxc6 bxc6 13.e5 Nb6 14.Nf3 Be6 15.Be2 
Nd5 16.Ba5 Qc8 17.Nd4 f6 18.Rc1 fxe5 19.Rxc6 exd4 20.Rxc8 Raxc8 21.O-O Ne3
22.Rf3 Rc2 23.Qe1 Bd5 24.Rf2 Nxg2 25.Qd1 Ne3 26.Qe1 Bh6 27.Bf3 Bxf3 28.
Rxc2 Nxc2 29.Qe6+ Kh8 30.Qxe7 Ne3 31.Bc7 Nf5 32.Be5+ Kg8 33.Qe6+ Rf7 34.
Qe8+ Bf8 35.Qd8 Bc6 36.b4 Bd7 37.a3 h5 38.Qa8 Ba4 39.Qd5 Bg7 40.Qc4 Bxe5 
41.fxe5 Kg7 42.b5 Bd1 43.Qd3 Ne3 44.Qxd4 Rf1+ 45.Kh2 Rf2+ 46.Kg1 Rg2+ 47.
Kh1 Rg3 48.e6+ Kh7 49.Qd7+ Kh6 50.Qd2 g5 51.Qf2 Rf3 52.Qb2 Rxh3+ 53.Kg1 
Rg3+ 0-1

[Event "35th WCh U20 Girls"]
[Site "Tarvisio ITA"]
[Date "2017.11.22"]
[Round "9"]
[White "Mammadzada, Gunay"]
[Black "Uuriintuya, Uurtsaikh"]
[Result "0-1"]
[WhiteElo "2393"]
[BlackElo "2213"]
[EventDate "2017.11.13"]
[PlyCount "110"]

1.e4 c5 2.Nf3 d6 3.d4 cxd4 4.Nxd4 Nf6 5.Nc3 Nc6 6.f3 e5 7.Nb3 Be7 8.Be3 
Be6 9.Nd5 Bxd5 10.exd5 Nb4 11.c4 a5 12.Qd2 b6 13.Be2 O-O 14.O-O Na6 15.Nc1
Nh5 16.Bd3 f5 17.Ne2 f4 18.Bf2 Bh4 19.Bxh4 Qxh4 20.Qe1 Qg5 21.b3 g6 22.a3 
Nc5 23.Bc2 Ng7 24.b4 Nd7 25.Nc3 Nf5 26.Ne4 Qe7 27.Bd3 Ne3 28.Rf2 Rfc8 29.
Rc1 axb4 30.axb4 Ra3 31.Bf1 Rca8 32.Nc3 Kf7 33.Nb5 Ra2 34.Rd2 Kg7 35.Nc3 
R2a3 36.Nb5 R3a4 37.Rb2 h5 38.Nc7 Rc8 39.Nb5 Nf6 40.Bd3 g5 41.Ra1 Rca8 42.
Rxa4 Rxa4 43.Qb1 g4 44.Ra2 Rxa2 45.Qxa2 gxf3 46.gxf3 e4 47.fxe4 Qe5 48.Kf2
Nxe4+ 49.Bxe4 Qxe4 50.Qe2 Ng4+ 51.Ke1 Qb1+ 52.Kd2 Qxb4+ 53.Kd3 Ne5+ 54.Ke4
f3 55.Qc2 Qe1+ 0-1

[Event "35th WCh U20 Girls"]
[Site "Tarvisio ITA"]
[Date "2017.11.22"]
[Round "9"]
[White "Khomeriki, Nino"]
[Black "Kanakova, Natalie"]
[Result "1/2-1/2"]
[WhiteElo "2347"]
[BlackElo "2134"]
[EventDate "2017.11.13"]
[PlyCount "83"]

1.d4 Nf6 2.c4 e6 3.Nf3 Bb4+ 4.Bd2 Bxd2+ 5.Qxd2 d5 6.e3 O-O 7.Nc3 Qe7 8.Rc1
b6 9.cxd5 exd5 10.Ne5 Bb7 11.f4 c5 12.Bd3 Rd8 13.O-O Ne4 14.Nxe4 dxe4 15.
Bc4 Bd5 16.Bxd5 Rxd5 17.Qc2 Nd7 18.Qxe4 Nf6 19.Qf3 cxd4 20.Nc6 Qd7 21.e4 
Rc5 22.e5 Rc8 23.Rxc5 bxc5 24.Nxa7 Qxa7 25.exf6 Qa6 26.Qg4 g6 27.f5 Re8 
28.Qg5 Qe2 29.b3 Qe3+ 30.Qxe3 Rxe3 31.Kf2 Rc3 32.Re1 Rc2+ 33.Kf3 h5 34.a4 
gxf5 35.Ra1 d3 36.Rd1 c4 37.bxc4 Rxc4 38.Rxd3 Rxa4 39.Rd5 Kh7 40.Rxf5 Kg6 
41.Rb5 Ra6 42.Rb4 1/2-1/2

[Event "35th WCh U20 Girls"]
[Site "Tarvisio ITA"]
[Date "2017.11.22"]
[Round "9"]
[White "Dordzhieva, Dinara"]
[Black "Rozman, Monika"]
[Result "1-0"]
[WhiteElo "2295"]
[BlackElo "2049"]
[EventDate "2017.11.13"]
[PlyCount "47"]

1.e4 e5 2.Nf3 Nc6 3.Bc4 Bc5 4.O-O Nf6 5.d3 d6 6.c3 O-O 7.Bb3 a6 8.Nbd2 Ba7
9.h3 Be6 10.Re1 Qd7 11.Nf1 Ne7 12.Ng3 Ng6 13.d4 Bxb3 14.Qxb3 Rfe8 15.Bg5 
Kh8 16.Bxf6 gxf6 17.Nh5 Qe7 18.Qd1 Rg8 19.Kh1 Rad8 20.Nh2 d5 21.exd5 Rxd5 
22.Ng4 Rd6 23.Nh6 Qd8 24.Nxf7# 1-0

[Event "35th WCh U20 Girls"]
[Site "Tarvisio ITA"]
[Date "2017.11.22"]
[Round "9"]
[White "Antova, Gabriela"]
[Black "Priyanka, K."]
[Result "1-0"]
[WhiteElo "2257"]
[BlackElo "2046"]
[EventDate "2017.11.13"]
[PlyCount "61"]

1.d4 Nf6 2.c4 g6 3.Nc3 Bg7 4.e4 d6 5.Nf3 O-O 6.Be2 e5 7.Be3 Ng4 8.Bg5 f6 
9.Bh4 Nc6 10.h3 Nh6 11.dxe5 dxe5 12.c5 Be6 13.O-O Rf7 14.Qa4 Nd4 15.Nxd4 
exd4 16.Rad1 Rd7 17.Bc4 Bf7 18.e5 Bxc4 19.Qxc4+ Kh8 20.e6 Re7 21.Rxd4 Qc8 
22.Nd5 Qxe6 23.Nxe7 Qxe7 24.Rfd1 Rc8 25.Rd7 Qe8 26.Bg3 Nf5 27.Bxc7 Bf8 28.
Qd5 Qe2 29.Qf7 Be7 30.Rd8+ Rxd8 31.Rxd8+ 1-0

[Event "35th WCh U20 Girls"]
[Site "Tarvisio ITA"]
[Date "2017.11.22"]
[Round "9"]
[White "Arda, Cagil Irmak"]
[Black "Khademalsharieh, Sarasadat"]
[Result "0-1"]
[WhiteElo "2139"]
[BlackElo "2419"]
[EventDate "2017.11.13"]
[PlyCount "62"]

1.e4 e5 2.Nf3 Nc6 3.Nc3 g6 4.Bc4 Bg7 5.a4 d6 6.h3 h6 7.d3 Nge7 8.O-O O-O 
9.Be3 Nd4 10.Nb5 Nxf3+ 11.Qxf3 c6 12.Nc3 Kh7 13.Bb3 f5 14.Bd2 f4 15.Kh2 g5
16.Rg1 Ng6 17.Qd1 g4 18.g3 Qg5 19.f3 h5 20.hxg4 hxg4 21.Rh1 Bf6 22.Kg2+ 
Kg7 23.Rh2 Bd7 24.Qe2 Rh8 25.Rah1 Rh3 26.Kf1 gxf3 27.Qxf3 Rah8 28.Rxh3 
Bxh3+ 29.Ke1 Nh4 30.Qf2 Qxg3 31.Qxg3+ fxg3 0-1

[Event "35th WCh U20 Girls"]
[Site "Tarvisio ITA"]
[Date "2017.11.22"]
[Round "9"]
[White "Stiazhkina, Anna"]
[Black "Nguyen, Emily"]
[Result "1/2-1/2"]
[WhiteElo "2301"]
[BlackElo "2176"]
[EventDate "2017.11.13"]
[PlyCount "185"]

1.e4 c5 2.Nf3 e6 3.d4 cxd4 4.Nxd4 Nf6 5.Nc3 d6 6.Be2 Be7 7.O-O O-O 8.Be3 
Nc6 9.f4 e5 10.Nb3 exf4 11.Bxf4 Be6 12.Qe1 Nd7 13.Rd1 Nde5 14.Kh1 a6 15.
Nc5 Qc7 16.Nxe6 fxe6 17.a4 Rad8 18.Qg3 Bf6 19.Qh3 Qe7 20.Be3 Rc8 21.Nb1 
Na5 22.c3 Nb3 23.Na3 Nc5 24.Bxc5 Rxc5 25.Nc2 Nc4 26.b4 Rc7 27.Nd4 Re8 28.
Bg4 Bxd4 29.cxd4 g6 30.Rd3 Kg7 31.a5 d5 32.e5 Rf8 33.Bf3 Rf5 34.Rb1 Qg5 
35.Qg3 Qh6 36.Qe1 Rf4 37.h3 Rcf7 38.b5 g5 39.Kg1 Qg6 40.Qe2 Rxd4 41.Rxd4 
Qxb1+ 42.Kh2 Qxb5 43.Bg4 Qc5 44.Rd3 Qc7 45.Rg3 Re7 46.Bh5 Qxe5 47.Qxe5+ 
Nxe5 48.Rxg5+ Kf6 49.Rg8 Nc6 50.g4 Rg7 51.Re8 d4 52.Kg3 d3 53.Kf4 d2 54.h4
Rd7 55.g5+ Kg7 56.Bd1 Nd4 57.h5 h6 58.g6 Nb5 59.Rc8 Rd4+ 60.Ke3 Rd7 61.Rc2
Nd6 62.Kxd2 Nc4+ 63.Ke2 Nxa5 64.Rc5 b5 65.Bc2 Nc4 66.Bb3 Nd6 67.Rc6 Nf5 
68.Bxe6 Nd4+ 69.Ke3 Nxc6 70.Bxd7 Ne5 71.Be6 Kf6 72.Bd5 Nd7 73.Kd4 Kg7 74.
Bb7 a5 75.Bc6 Nf6 76.Bf3 b4 77.Kc4 Ne8 78.Kb3 Kf6 79.Ka4 Ng7 80.Kxa5 b3 
81.Kb4 b2 82.Be4 Nxh5 83.Kc3 Ng3 84.Bd3 h5 85.Kxb2 h4 86.Ba6 Kxg6 87.Kc2 
h3 88.Bb7 Kg5 89.Kd2 Kf4 90.Ke1 Nf5 91.Kf2 Nd6 92.Bc6 Nf5 93.Bd7 1/2-1/2

[Event "35th WCh U20 Girls"]
[Site "Tarvisio ITA"]
[Date "2017.11.22"]
[Round "9"]
[White "Heinemann, Josefine"]
[Black "Lasya, Goli"]
[Result "0-1"]
[WhiteElo "2293"]
[BlackElo "2087"]
[EventDate "2017.11.13"]
[PlyCount "96"]

1.e4 c5 2.Nf3 d6 3.d4 cxd4 4.Nxd4 Nf6 5.Nc3 Nc6 6.Bg5 e6 7.Qd2 a6 8.O-O-O 
Bd7 9.f4 h6 10.Bh4 Nxe4 11.Nxe4 Qxh4 12.g3 Qe7 13.Bg2 O-O-O 14.Nb3 d5 15.
Nec5 Qd6 16.Rhe1 Qc7 17.Re3 Be7 18.Kb1 Qb6 19.Nxd7 Rxd7 20.c4 Rhd8 21.c5 
Bxc5 22.Nxc5 Qxc5 23.Rc1 Qd6 24.Rb3 Rc7 25.Rb6 Qe7 26.Bf1 Nb8 27.Rb3 Rd6 
28.Rxc7+ Qxc7 29.Qd4 Rc6 30.Rc3 Rxc3 31.bxc3 f5 32.c4 Nc6 33.Qe3 Qe7 34.c5
Qf6 35.h4 Kc7 36.Qb3 Qd4 37.Qb6+ Kc8 38.Bxa6 Qb4+ 39.Qxb4 Nxb4 40.Bb5 Kc7 
41.Kb2 Na6 42.Kc3 Nxc5 43.Kd4 Kd6 44.Be2 Ne4 45.g4 fxg4 46.Bxg4 g6 47.Bf3 
Ng3 48.Kd3 h5 0-1

[Event "35th WCh U20 Girls"]
[Site "Tarvisio ITA"]
[Date "2017.11.22"]
[Round "9"]
[White "Serikbay, Assel"]
[Black "Terbe, Julianna"]
[Result "0-1"]
[WhiteElo "2135"]
[BlackElo "2263"]
[EventDate "2017.11.13"]
[PlyCount "68"]

1.d4 d5 2.Nf3 Nf6 3.c4 c6 4.Nc3 dxc4 5.e3 b5 6.a4 b4 7.Na2 e6 8.Bxc4 Nbd7 
9.b3 Bb7 10.Bb2 Be7 11.O-O O-O 12.Nc1 c5 13.a5 Qc7 14.h3 Rfd8 15.Qe2 cxd4 
16.Bxd4 e5 17.Bb2 h6 18.Nh4 Bd5 19.Nf5 Bf8 20.Bxd5 Nxd5 21.Nd3 g6 22.Rfc1 
Nc3 23.Bxc3 bxc3 24.Ng3 Nf6 25.Qc2 Rac8 26.e4 h5 27.h4 Bh6 28.Rd1 Rd4 29.
f3 Be3+ 30.Kh2 Qd8 31.Ne2 Ng4+ 32.Kg3 Rxd3 33.fxg4 Bd2+ 34.Kf2 Qxh4+ 0-1

[Event "35th WCh U20 Girls"]
[Site "Tarvisio ITA"]
[Date "2017.11.22"]
[Round "9"]
[White "Cherniak, Viktoria"]
[Black "Pratyusha, Bodda"]
[Result "1/2-1/2"]
[WhiteElo "2236"]
[BlackElo "2152"]
[EventDate "2017.11.13"]
[PlyCount "69"]

1.Nf3 d5 2.d4 Nf6 3.c4 e6 4.Nc3 Bb4 5.cxd5 exd5 6.Bg5 h6 7.Bh4 O-O 8.e3 
Bf5 9.Be2 Nbd7 10.O-O c6 11.Rc1 Re8 12.h3 Bd6 13.Bxf6 Nxf6 14.a3 Qd7 15.
Re1 Ne4 16.Bf1 Re6 17.Nh4 Bh7 18.Nxe4 Bxe4 19.Bd3 Bc7 20.Bxe4 Rxe4 21.Nf3 
Rae8 22.Qa4 Bb8 23.Kf1 f5 24.Rcd1 g5 25.Qc2 Qf7 26.Rd3 g4 27.hxg4 fxg4 28.
Nd2 R4e6 29.Kg1 Rf8 30.Nf1 h5 31.e4 Rf6 32.Rd2 Bf4 33.Rde2 dxe4 34.Rxe4 
Bd6 35.R1e2 1/2-1/2

[Event "35th WCh U20 Girls"]
[Site "Tarvisio ITA"]
[Date "2017.11.22"]
[Round "9"]
[White "Janzelj, Lara"]
[Black "Choladze, Mariami"]
[Result "1-0"]
[WhiteElo "2192"]
[BlackElo "2112"]
[EventDate "2017.11.13"]
[PlyCount "77"]

1.d4 Nf6 2.c4 e6 3.g3 d5 4.Bg2 Be7 5.Nf3 O-O 6.O-O dxc4 7.Qc2 a6 8.a4 Nbd7
9.Nbd2 Rb8 10.Nxc4 c5 11.Bf4 Ra8 12.dxc5 Bxc5 13.Rad1 Qe7 14.Nfe5 Nxe5 15.
Bxe5 Ng4 16.Bc3 Qc7 17.e3 Rb8 18.a5 Bd7 19.Qe2 f5 20.h3 Nxe3 21.Rxd7 Qxd7 
22.Nxe3 Rbe8 23.Nc4 f4 24.Rd1 Qe7 25.Kh2 fxg3+ 26.fxg3 Rf2 27.Qe4 Ref8 28.
Bd4 Bxd4 29.Rxd4 Qf6 30.Rd7 h5 31.h4 Rc8 32.b3 Rf8 33.Rxb7 Qa1 34.Ne3 Qe1 
35.Qxe6+ Kh8 36.Qg6 Rxg2+ 37.Nxg2 Qe5 38.b4 Rf6 39.Qxg7# 1-0

[Event "35th WCh U20 Girls"]
[Site "Tarvisio ITA"]
[Date "2017.11.22"]
[Round "9"]
[White "San Diego, Marie Antoinette"]
[Black "Mahalakshmi, Muganda Kumar"]
[Result "1-0"]
[WhiteElo "2116"]
[BlackElo "2191"]
[EventDate "2017.11.13"]
[PlyCount "71"]

1.d4 Nf6 2.Nf3 e6 3.Bf4 b6 4.e3 Bb7 5.Nbd2 g6 6.c3 Bg7 7.h3 O-O 8.Be2 d6 
9.O-O Nbd7 10.a4 Qe7 11.Bh2 Kh8 12.a5 e5 13.Nc4 e4 14.Nfd2 Ng8 15.a6 Bc6 
16.Na3 f5 17.Bb5 Bxb5 18.Nxb5 Ndf6 19.c4 Ne8 20.Qc2 c6 21.Nc3 Rc8 22.b4 
Nc7 23.Qa4 c5 24.bxc5 bxc5 25.Nb3 Rb8 26.Nb5 Nxb5 27.cxb5 cxd4 28.Nxd4 Qd7
29.Rac1 Ne7 30.Rfd1 Rb6 31.Nc6 Nxc6 32.bxc6 Qc8 33.Bxd6 Re8 34.c7 Rg8 35.
Be7 Rxa6 36.Qd7 1-0

[Event "35th WCh U20 Girls"]
[Site "Tarvisio ITA"]
[Date "2017.11.22"]
[Round "9"]
[White "Arpita, Mukherjee"]
[Black "Parnali, S. Dharia"]
[Result "1-0"]
[WhiteElo "2210"]
[BlackElo "2136"]
[EventDate "2017.11.13"]
[PlyCount "47"]

1.e4 d6 2.d4 Nf6 3.Nc3 g6 4.Be3 Bg7 5.Qd2 Ng4 6.Bg5 h6 7.Bh4 g5 8.Bg3 e5 
9.Nf3 Nc6 10.d5 Ne7 11.h4 f5 12.hxg5 f4 13.Bh4 hxg5 14.Nxg5 Ng6 15.Nf7 
Rxh4 16.Nxd8 Rxh1 17.Ne6 Bxe6 18.dxe6 f3 19.Qg5 fxg2 20.Qxg6+ Kd8 21.e7+ 
Kxe7 22.Qxg7+ Ke8 23.Qg8+ Ke7 24.Nd5+ 1-0

[Event "35th WCh U20 Girls"]
[Site "Tarvisio ITA"]
[Date "2017.11.22"]
[Round "9"]
[White "Ning Kaiyu"]
[Black "Bidhar, Rutumbara"]
[Result "1/2-1/2"]
[WhiteElo "2173"]
[BlackElo "1904"]
[EventDate "2017.11.13"]
[PlyCount "98"]

1.d4 Nf6 2.c4 e6 3.Nf3 Bb4+ 4.Nbd2 b6 5.a3 Bxd2+ 6.Qxd2 Bb7 7.e3 O-O 8.Be2
d6 9.b4 a5 10.Bb2 axb4 11.axb4 Rxa1+ 12.Bxa1 Nbd7 13.O-O Ne4 14.Qc2 f5 15.
d5 e5 16.Nd2 Nxd2 17.Qxd2 Qe7 18.Bb2 b5 19.cxb5 Nb6 20.Bf3 Qf7 21.Rd1 e4 
22.Be2 Bxd5 23.Qd4 Bc4 24.Bh5 Qe7 25.Ra1 Bxb5 26.Ra7 Rb8 27.h3 Kf8 28.Ra5 
Bd7 29.h4 Be6 30.Be2 Kg8 31.g4 Rf8 32.g5 Rd8 33.Ra7 Kf8 34.b5 Ra8 35.Qxb6 
cxb6 36.Rxa8+ Kf7 37.Rh8 Kg6 38.h5+ Kf7 39.g6+ hxg6 40.hxg6+ Kxg6 41.Rh2 
Kf7 42.Bd4 Qc7 43.Bh5+ Kg8 44.Rg2 Bc4 45.Be8 Be2 46.Bc6 Bg4 47.Rh2 Qf7 48.
Rg2 Qc7 49.Rh2 Qf7 1/2-1/2

[Event "35th WCh U20 Girls"]
[Site "Tarvisio ITA"]
[Date "2017.11.22"]
[Round "9"]
[White "Hincu, Olga"]
[Black "Terbe, Zsuzsanna"]
[Result "0-1"]
[WhiteElo "2118"]
[BlackElo "2170"]
[EventDate "2017.11.13"]
[PlyCount "98"]

1.d4 d5 2.Nf3 Nf6 3.c4 c6 4.e3 Bf5 5.Nc3 e6 6.Nh4 Bg6 7.Qb3 Qb6 8.Nxg6 
hxg6 9.c5 Qc7 10.Bd2 Nbd7 11.h3 Be7 12.Be2 g5 13.Qd1 O-O 14.b4 b5 15.cxb6 
axb6 16.O-O c5 17.bxc5 bxc5 18.Nb5 Qc6 19.dxc5 Nxc5 20.Nd4 Qa4 21.Bb5 Qxd1
22.Rfxd1 Na4 23.Rdc1 Ne4 24.Be1 Bf6 25.Bc6 Ra6 26.Bb5 Raa8 27.Rab1 Nd6 28.
Bc6 Ra6 29.Bb4 Rd8 30.Bxd6 Rxd6 31.Rb8+ Kh7 32.Bb5 Rab6 33.Rxb6 Nxb6 34.
Rc7 Nc4 35.Rxf7 e5 36.Nb3 Rb6 37.Bd7 Kg8 38.Rxf6 gxf6 39.Nc5 Kf7 40.a4 Ke7
41.Bf5 Rb4 42.g3 Nd2 43.Bg4 Rc4 44.Nd3 Rxa4 45.f4 Ra3 46.Nb4 Kd6 47.Kf2 
Ne4+ 48.Kf3 Rb3 49.fxe5+ fxe5 0-1

[Event "35th WCh U20 Girls"]
[Site "Tarvisio ITA"]
[Date "2017.11.22"]
[Round "9"]
[White "Gueci, Tea"]
[Black "Nurgali, Nazerke"]
[Result "0-1"]
[WhiteElo "2161"]
[BlackElo "2121"]
[EventDate "2017.11.13"]
[PlyCount "136"]

1.e4 c6 2.d4 d5 3.Nc3 dxe4 4.Nxe4 Nf6 5.Nxf6+ exf6 6.c3 Bd6 7.Bd3 O-O 8.
Qc2 h6 9.Ne2 Qc7 10.Be3 Re8 11.O-O-O Nd7 12.Ng3 Nf8 13.Kb1 Be6 14.Ne4 Bf4 
15.g3 Bxe3 16.fxe3 Bd5 17.Rhe1 Qa5 18.c4 Bxe4 19.Bxe4 Qg5 20.Qd3 Rad8 21.
Bg2 Nd7 22.Qb3 Qh5 23.h3 Qg6+ 24.e4 f5 25.exf5 Qxf5+ 26.Qc2 Qg5 27.g4 Rxe1
28.Rxe1 Nb6 29.Re4 Qf6 30.Qd3 Qf2 31.Bf1 Na4 32.Qe2 Qf6 33.Re8+ Rxe8 34.
Qxe8+ Kh7 35.Bd3+ g6 36.a3 Kg7 37.Qe4 Nb6 38.b3 Nd7 39.Be2 Qd6 40.a4 Qg3 
41.Kc2 Qxh3 42.Qe7 Nf6 43.Qe5 Qg2 44.Kd3 Qh1 45.b4 Qb1+ 46.Kc3 Qa2 47.Bd1 
Qa1+ 48.Kd2 Qb2+ 49.Kd3 Qa3+ 50.Kd2 Qxb4+ 51.Kd3 Qb1+ 52.Kd2 Qe4 53.Kc3 
Qxe5 54.dxe5 Nd7 55.Kd4 Kf8 56.a5 Ke7 57.c5 Nf8 58.Bf3 Ne6+ 59.Kc4 a6 60.
Bd1 f6 61.Bc2 Kf7 62.exf6 Kxf6 63.Bd1 Kg5 64.Be2 h5 65.gxh5 gxh5 66.Bf3 h4
67.Bg2 Kg4 68.Bh1 h3 0-1

[Event "35th WCh U20 Girls"]
[Site "Tarvisio ITA"]
[Date "2017.11.22"]
[Round "9"]
[White "Salonika, Saina"]
[Black "Vidic, Teja"]
[Result "1/2-1/2"]
[WhiteElo "2025"]
[BlackElo "2159"]
[EventDate "2017.11.13"]
[PlyCount "61"]

1.e4 e5 2.Nf3 Nc6 3.Bb5 a6 4.Ba4 b5 5.Bb3 g6 6.O-O Bg7 7.c3 Nge7 8.d4 exd4
9.cxd4 d6 10.Nc3 O-O 11.h3 Na5 12.Bc2 c5 13.dxc5 dxc5 14.Qxd8 Rxd8 15.Be3 
Nc4 16.Bxc5 Nc6 17.a4 Rb8 18.axb5 axb5 19.Rad1 b4 20.Nd5 Be6 21.Ba4 N6a5 
22.Ne7+ Kh8 23.Rxd8+ Rxd8 24.Bxb4 Bxb2 25.Nc6 Nxc6 26.Bxc6 h6 27.Ba4 Ra8 
28.Bb3 Rb8 29.Bxc4 Bxc4 30.Bd6 Rb6 31.Rb1 1/2-1/2

[Event "35th WCh U20 Girls"]
[Site "Tarvisio ITA"]
[Date "2017.11.22"]
[Round "9"]
[White "Auvray, Honorine"]
[Black "Ivanova, Simoneta"]
[Result "1/2-1/2"]
[WhiteElo "1987"]
[BlackElo "2137"]
[EventDate "2017.11.13"]
[PlyCount "55"]

1.d4 Nf6 2.Bf4 d6 3.e3 Nbd7 4.Nf3 Nh5 5.Bg5 h6 6.Bh4 g5 7.Nfd2 Ng7 8.Bg3 
Nf5 9.Bd3 Nxg3 10.hxg3 Bg7 11.Nf3 Nf6 12.Nbd2 Bg4 13.c3 Qd7 14.Qc2 e6 15.
e4 O-O-O 16.O-O-O Kb8 17.Nc4 Qc6 18.Ne3 Bxf3 19.gxf3 d5 20.Kb1 Qb6 21.exd5
Nxd5 22.Nc4 Qc6 23.Rhe1 f6 24.Na5 Qb6 25.Nc4 Qc6 26.Na5 Qb6 27.Nc4 Qc6 28.
Na5 1/2-1/2

[Event "35th WCh U20 Girls"]
[Site "Tarvisio ITA"]
[Date "2017.11.22"]
[Round "9"]
[White "Gomez Barrera, Javiera Belen"]
[Black "Lahav, Michal"]
[Result "1/2-1/2"]
[WhiteElo "1972"]
[BlackElo "2148"]
[EventDate "2017.11.13"]
[PlyCount "64"]

1.d4 Nf6 2.Nf3 g6 3.c4 c5 4.d5 e6 5.Nc3 exd5 6.cxd5 d6 7.e4 Bg7 8.Bg5 O-O 
9.Nd2 a6 10.a4 Nbd7 11.Be2 h6 12.Bh4 Re8 13.f4 c4 14.Qc2 Nc5 15.O-O Qc7 
16.h3 Bd7 17.Bxc4 Rac8 18.Bf2 Nfxe4 19.Ncxe4 Nxe4 20.Nxe4 Bf5 21.Rac1 Rxe4
22.Bd3 Qxc2 23.Bxc2 Rxf4 24.Bxf5 Rxc1 25.Rxc1 Rxf5 26.Rc8+ Kh7 27.Rb8 Bxb2
28.Rxb7 Bg7 29.Rc7 Rxd5 30.Rd7 Bf8 31.Bb6 Bg7 32.Ra7 Bd4+ 1/2-1/2